000 00987nam a22003017a 4500
001 BR9701308
003 BR-BrBNA
005 20230928095337.0
007 ta
008 230509b bl.||||| |||| 00| 0 por d
040 _aBR-BrBNA
_bpor
_cBiblioteca Nacional de Agricultura
041 _a(Por)
072 _aE16
_b2760
090 _ 2760 BR9701308
100 1 _aTrevisan, I.
110 1 _aUniversidade Federal do Rio Grande do Sul, Porto Alegre (Brasil). Faculdade de Ciencias Economicas
_0Tese (Mestre em Economia Rural)
_911167
245 1 _aFatores qualitativos que explicam diferencas de lucro entre fumicultores da regiao sul de Santa Catarina
260 3 _aPorto Alegre, RS (Brasil):
_c1996.
300 _a57 p.
500 _a42 ref.; 6 tables; 13 illus.; Summaries (Eng, Por)
650 _aFumo
650 _aAnalise Economica
650 _aPequeno Produtor
650 _aLucro
650 _aSanta Catarina
909 _a202309
_bLucia
_c55
_dLucia Elande
942 _cBK
999 _c56003
_d56003